Estudio de factibilidad técnica del uso de semáforos en intersecciones tipo rotonda
Kaydedildi:
| Yazar: | |
|---|---|
| Diğer Yazarlar: | |
| Materyal Türü: | Kitap |
| Baskı/Yayın Bilgisi: |
San José, Costa Rica
1996
|
| Konular: | |
| Etiketler: |
Etiketle
Etiket eklenmemiş, İlk siz ekleyin!
|
MARC
| LEADER | 00000nam a2200000Ia 4500 | ||
|---|---|---|---|
| 003 | 008132 | ||
| 005 | 20240821142032.0 | ||
| 008 | 140114s1996 cr a m 000 ||s d | ||
| 040 | |c cru CEDI | ||
| 090 | |a TFG 3595 | ||
| 100 | |a Jiménez Romero, Diana, 1972- |9 3581 | ||
| 245 | |a Estudio de factibilidad técnica del uso de semáforos en intersecciones tipo rotonda | ||
| 260 | |a San José, Costa Rica |c 1996 | ||
| 300 | |a vi, 57 hojas : ilustraciones | ||
| 500 | |a Proyecto de graduación (licenciatura en ingeniería civil)--Universidad de Costa Rica. Facultad de Ingeniería. Escuela de Ingeniería Civil | ||
| 501 | |a Director de Proyecto de Graduación: Ing. Mario Duran Ortiz, M.Sc., M.P.A. | ||
| 650 | |x CAMINOS -- INTERCAMBIOS E INTERSECCIONES |x SEMAFOROS |x INGENIERÍA DEL TRÁNSITO - COSTA RICA |9 9581 | ||
| 700 | |a Durán Ortiz, Mario Roberto, 1959- |d Director del TFG |9 3394 | ||
| 942 | |c TFG |h TFG 3595 |i 008132 |6 TFG_3595_008132000000000 | ||
| 999 | |c 18877 |d 18877 | ||
